| 000 | 02011nam0a2200349 i 4500 | ||
|---|---|---|---|
| 001 | RU\NLR\BIBL_A\011097381 | ||
| 005 | 20260412064026.0 | ||
| 010 |
_a9785802117453 _940 |
||
| 021 |
_aRU _b2016-19167 _91228 |
||
| 035 | _a(NILC)LIBNET\0000489778 | ||
| 035 | _a(NLR Aleph) 011097381 | ||
| 090 |
_a11399894 _c11399894 |
||
| 100 | _a20160406d2013 km y0rusy50 ca | ||
| 101 | 0 | _arus | |
| 102 | _aRU | ||
| 105 | _ay|||z|||100yy | ||
| 200 | 1 |
_aПовышение эффективности лесного комплекса Республики Карелия _eматериалы четвертой республиканской научно-практической конференции молодых ученых, аспирантов, докторантов _f[редкол.: А.В. Питухин, д.т.н., проф. (науч. ред.) и др.] |
|
| 210 |
_aПетрозаводск _cИзд-во ПетрГУ _d2013 |
||
| 215 |
_a47 с. _d21 |
||
| 300 | _aВ надзаг.: М-во образования и науки Рос. Федерации, Федер. гос. бюджет. образоват. учреждение высш. проф. образования Петрозав. гос. ун-т | ||
| 320 | _aБиблиогр. в конце ст. | ||
| 606 | 1 |
_aЛесное хозяйство _jСъезды, совещания и т.п _yКарелия, Республика _92339405 _3RU\NLR\AUTH\661398443 |
|
| 686 |
_a65.34(2Рос.Кар)я431 _vLBC/M _2rubbk |
||
| 686 | 1 | _aП3(2Р31-6Кар)я431(2) | |
| 702 | 1 |
_aПитухин _bА. В. _f1948- _gАлександр Васильевич _4340 |
|
| 712 | 0 | 2 |
_4570 _aПетрозаводский государственный университет _3RU\NLR\AUTH\889931527 _9358480 |
| 801 | 0 |
_aRU _bНБР Карелия _c20141023 _grcr |
|
| 801 | 1 |
_aRU _bНБР Карелия _c20141023 _grcr _2rusmarc |
|
| 942 | _cBOOK | ||
| 980 | _aNBR | ||